000 00179nam a2200073Ia 4500
008 170817s9999 xx 000 0 und d
100 _aTripathi.O.P.M
245 0 _aRelvance Of Adult Education
260 _bGYAN PUB
999 _c38462
_d38462